000 00705nam a22002177a 4500
005 20170124105926.0
010 _aA-382030
020 _c00.00
_a8170232589
035 _aA-382030
037 _bCen Lib/Ret
040 _aDPL
_bEN
082 _a330.954
_bSHA
100 _aShareeff, K.S.G. Haji
_96455
245 _aIndian economy :
_cby K.S.G. Haji Shareeff
_bchallenges and opportunities /
260 _aAhmedabad
_bAllied Publishers
_c1989
270 _aPrarthna Flats(1st Floor), Navrangpura
_bAhmedabad
_e380009
300 _axvi,131p.
_c21cm(Hb)
650 _aEconomic development
_zIndia
_972079
650 _aEconomic challenges
_zIndia
_96457
942 _2ddc
_cEN
_h330.954
_mSHA
999 _c123492
_d123492